| 000 | 00818nam a22003137a 4500 | ||
|---|---|---|---|
| 003 | OSt | ||
| 005 | 20140331101157.0 | ||
| 008 | 140331b xxu||||| |||| 00| 0 eng d | ||
| 020 | _a9780590999403 | ||
| 050 |
_aLB 1049.9 _b.Sh529s65 1997 |
||
| 100 | _aShapiro, Dan. | ||
| 245 |
_aClay things, Play things! : _ba story about artist Becky Wible / _cDan Shapiro. |
||
| 260 |
_aUSA : _bScholastic Inc., _cc1997. |
||
| 300 |
_a15 p. : _bcol. ill. ; _c14 cm. |
||
| 521 | _aG1 | ||
| 526 | _c200 | ||
| 650 | _aReaders (Primary) | ||
| 650 |
_aReading _xPhonetic method. |
||
| 650 |
_aWible, Becky _xJuvenile literature. |
||
| 942 |
_2lcc _cBK |
||
| 999 |
_c48797 _d48797 |
||